[Event "NATO-ch 32nd"]
[Site "Tartu"]
[Date "2022.06.30"]
[Round "6"]
[White "Ivanovs, Aleksejs"]
[Black "Ross, David C"]
[Result "1/2-1/2"]
[WhiteElo "1784"]
[BlackElo "1677"]
[PlyCount "106"]
[EventDate "2022.06.27"]
[EventType "swiss"]
[EventRounds "7"]
[EventCountry "EST"]
[SourceTitle "CBM 209 Extra"]
[Source "ChessBase"]
[SourceDate "2022.09.30"]
[SourceVersion "1"]
[SourceVersionDate "2022.09.30"]
[SourceQuality "1"]

1. d4 Nf6 2. Bf4 c5 3. e3 d5 4. c4 e6 5. Nf3 Bd6 6. Ne5 0-0 7. Be2 cxd4 8. Qxd4 Nc6 9. Nxc6 bxc6 10. Bxd6 Qxd6 11. 0-0 c5 12. Qd1 Qb6 13. b3 Rd8 14. Qc2 Bb7 15. Nd2 d4 16. exd4 cxd4 17. Nf3 Qc6 18. Rad1 e5 19. Rfe1 Re8 20. Bf1 Nd7 21. b4 Qg6 22. Qxg6 hxg6 23. Rc1 a5 24. b5 Rac8 25. c5 Bxf3 26. c6 Bxc6 27. bxc6 Nb6 28. Bb5 Re7 29. Rc5 e4 30. Ba6 Rcc7 31. f3 f5 32. Rb1 Nc8 33. Rb7 d3 34. Rxc7 Rxc7 35. Kf2 Nd6 36. Ke3 Kf7 37. fxe4 Nxe4 38. Rc4 d2 39. Ke2 Ke7 40. Bb7 Ke6 41. Rd4 Ke7 42. Kd1 Nd6 43. Ba8 Nb5 44. Rxd2 Nc3+ 45. Kc2 Ne4 46. Rd3 Nc5 47. Rc3 Na6 48. Kb3 Kd6 49. Ka4 Nb4 50. a3 Nxc6 51. Rxc6+ Rxc6 52. Bxc6 Kxc6 53. Kxa5 Kc5 1/2-1/2

[Event "BCF-chT4S 1920 (4NCL)"]
[Site "England"]
[Date "2020.01.11"]
[Round "3.44"]
[White "Luberto, Michael"]
[Black "Ross, David C"]
[Result "1-0"]
[WhiteElo "1952"]
[BlackElo "1679"]
[PlyCount "77"]
[EventDate "2019.11.09"]
[EventType "team-swiss"]
[EventRounds "11"]
[EventCountry "ENG"]
[SourceTitle "EXT 2022"]
[Source "ChessBase"]
[SourceDate "2021.10.06"]
[SourceVersion "1"]
[SourceVersionDate "2021.10.06"]
[SourceQuality "1"]
[WhiteTeam "Watford"]
[BlackTeam "War and Piece"]
[WhiteTeamCountry "ENG"]
[BlackTeamCountry "ENG"]

1. e4 e5 2. Nf3 Nc6 3. Bb5 a6 4. Ba4 Nf6 5. 0-0 b5 6. Bb3 Bb7 7. c3 Be7 8. Re1 0-0 9. d3 d6 10. Nbd2 Na5 11. Bc2 c5 12. Nf1 Re8 13. Bg5 Nc6 14. Nh4 Nd7 15. Bxe7 Nxe7 16. Ne3 Nf6 17. Ng4 Nxg4 18. Qxg4 Bc8 19. Qf3 d5 20. exd5 Qxd5 21. Re4 Ng6 22. Qh5 Nf4 23. Rxf4 g6 24. Qf3 Qd8 25. Qxa8 exf4 26. g3 Qe7 27. Qe4 Qd7 28. Qxf4 Re2 29. Rc1 Qe7 30. Qb8 Qe6 31. Bb3 c4 32. dxc4 Kg7 33. cxb5 Re1+ 34. Rxe1 Qxe1+ 35. Kg2 Qe4+ 36. Nf3 Bb7 37. Qf4 Qe7 38. bxa6 Bxa6 39. Qe5+ 1-0

[Event "NATO-ch 30th"]
[Site "Berlin"]
[Date "2019.09.20"]
[Round "7.34"]
[White "Ross, David C"]
[Black "Pirs, Matjaz1111"]
[Result "0-1"]
[WhiteElo "1599"]
[BlackElo "1918"]
[PlyCount "51"]
[EventDate "2019.09.14"]
[EventType "team-swiss"]
[EventRounds "7"]
[EventCountry "GER"]
[SourceTitle "EXT 2020"]
[Source "ChessBase"]
[SourceDate "2019.10.17"]
[SourceVersion "1"]
[SourceVersionDate "2019.10.17"]
[SourceQuality "1"]
[WhiteTeam "Great Britain"]
[BlackTeam "Slovenia"]
[WhiteTeamCountry "GBR"]
[BlackTeamCountry "SLO"]

1. e4 e6 2. d4 d5 3. Nc3 Nf6 4. e5 Nfd7 5. f4 c5 6. Nf3 Nc6 7. Be3 cxd4 8. Nxd4 Nc5 9. Be2 Be7 10. 0-0 0-0 11. a3 a6 12. b4 Nd7 13. Bd3 g6 14. f5 Ndxe5 15. Nxc6 bxc6 16. Bh6 Re8 17. fxg6 hxg6 18. Bxg6 Nxg6 19. Qf3 f5 20. Qh5 Kf7 21. g4 Bf6 22. Ne2 Rg8 23. gxf5 exf5 24. Ng3 Bxa1 25. Nxf5 Bxf5 26. Rxf5+ 0-1

[Event "NATO-ch 30th"]
[Site "Berlin"]
[Date "2019.09.19"]
[Round "6.35"]
[White "Violini, Paolo"]
[Black "Ross, David C"]
[Result "1/2-1/2"]
[WhiteElo "1963"]
[BlackElo "1599"]
[PlyCount "51"]
[EventDate "2019.09.14"]
[EventType "team-swiss"]
[EventRounds "7"]
[EventCountry "GER"]
[SourceTitle "EXT 2020"]
[Source "ChessBase"]
[SourceDate "2019.10.17"]
[SourceVersion "1"]
[SourceVersionDate "2019.10.17"]
[SourceQuality "1"]
[WhiteTeam "Italy"]
[BlackTeam "Great Britain"]
[WhiteTeamCountry "ITA"]
[BlackTeamCountry "GBR"]

1. d4 Nf6 2. Nf3 g6 3. g3 Bg7 4. Bg2 d5 5. 0-0 0-0 6. c4 c6 7. Nc3 Bf5 8. Qb3 Qb6 9. Qxb6 axb6 10. cxd5 cxd5 11. h3 Be4 12. Bf4 Nc6 13. e3 Rfc8 14. g4 e6 15. Rfc1 Nb4 16. Ne1 Bxg2 17. Kxg2 Nd7 18. a3 Nc6 19. Nd3 Na5 20. Rc2 Nb3 21. Rd1 b5 22. Bd6 Bf8 23. Bb4 Nb6 24. Re2 Bxb4 25. Nxb4 Nc4 26. Rc2 1/2-1/2

[Event "British-ch 5-day op AM Week 1"]
[Site "Torquay"]
[Date "2013.07.30"]
[Round "2"]
[White "Ross, David C"]
[Black "Smith, Mark J"]
[Result "1/2-1/2"]
[WhiteElo "1802"]
[BlackElo "1378"]
[PlyCount "80"]
[EventDate "2013.07.29"]
[EventType "swiss"]
[EventRounds "5"]
[EventCountry "ENG"]
[SourceTitle "EXT 2023"]
[Source "ChessBase"]
[SourceDate "2022.10.05"]
[SourceVersion "1"]
[SourceVersionDate "2022.10.05"]
[SourceQuality "1"]

1. e4 e5 2. Nf3 Nc6 3. Bb5 a6 4. Ba4 Nf6 5. 0-0 b5 6. Bb3 Be7 7. Re1 0-0 8. c3 d5 9. exd5 Nxd5 10. Nxe5 Nxe5 11. Rxe5 c6 12. d4 Bd6 13. Re1 Qh4 14. g3 Qh3 15. Qf3 Bg4 16. Qg2 Qh5 17. Nd2 Rae8 18. Rxe8 Rxe8 19. h4 Re1+ 20. Nf1 Be2 21. g4 Qxh4 22. Bg5 Rxf1+ 23. Rxf1 Qxg5 24. Re1 Nf4 25. Qg3 Qxg4 26. Qxg4 Bxg4 27. a4 h5 28. axb5 axb5 29. Re8+ Bf8 30. Rb8 Nd3 31. d5 Nxb2 32. dxc6 Nd3 33. c7 Nc5 34. Bd1 Na6 35. Bxg4 Nxc7 36. Bxh5 g6 37. Be2 Nd5 38. c4 bxc4 39. Bxc4 Nf4 40. Kh2 g5 1/2-1/2

[Event "BCF-chT3 1011 (4NCL)"]
[Site "England"]
[Date "2011.03.27"]
[Round "8.34"]
[White "Ross, David C"]
[Black "Gilbert, Colin"]
[Result "0-1"]
[WhiteElo "1842"]
[BlackElo "1838"]
[PlyCount "82"]
[EventDate "2010.11.06"]
[EventType "team-swiss"]
[EventRounds "9"]
[EventCountry "ENG"]
[SourceTitle "EXT 2012"]
[Source "ChessBase"]
[SourceDate "2011.11.24"]
[SourceVersion "1"]
[SourceVersionDate "2011.11.24"]
[SourceQuality "1"]
[WhiteTeam "Braille Chess Association"]
[BlackTeam "The Full Ponty"]
[WhiteTeamCountry "ENG"]
[BlackTeamCountry "ENG"]

1. e4 c5 2. Nc3 Nc6 3. g3 g6 4. Nd5 e6 5. Ne3 Bg7 6. c3 Nge7 7. Bg2 0-0 8. Ne2 d5 9. d3 d4 10. Nc4 b5 11. Na3 dxc3 12. bxc3 b4 13. Nc4 bxc3 14. e5 Ba6 15. Bg5 f6 16. exf6 Bxf6 17. Bxf6 Rxf6 18. Nxc3 Bxc4 19. dxc4 Qa5 20. Qc1 Raf8 21. 0-0 Nd4 22. Qb2 Qxc3 23. Qxc3 Ne2+ 24. Kh1 Nxc3 25. f3 Ne2 26. Rab1 Nf5 27. Rfe1 Ned4 28. Re5 Rc8 29. f4 Nd6 30. Rc1 Rf5 31. Re3 Rb8 32. Bh3 Rf6 33. Re5 Rb2 34. Rxc5 Rxa2 35. Rc7 Rf7 36. Rxf7 Kxf7 37. Rd1 Nf3 38. Bg2 Nd2 39. c5 Nb5 40. c6 Nc7 41. g4 Ke7 0-1